[Event "AUTO-MASTER-1246"]
[Site "http://www.queenalice.com/game.php?id=846655"]
[Date "2010.10.16"]
[Round "1"]
[White "stoyan1"]
[Black "MineirinhoCQ"]
[Result "1-0"]
[WhiteElo "1975"]
[BlackElo "1970"]

1. e4 c5 2. Nf3 d6 3. c4 e5 4. h3 Nf6 5. d3 h6 6. Nc3 Be7 7. Be3 O-O 8. Qd2 Nc6
9. a3 a5 10. Bxh6 gxh6 11. Qxh6 Nh7 12. h4 f5 13. Ng5 Bxg5 14. hxg5 Nxg5 15. Rh5
Rf6 16. Qh8+ Kf7 17. Qxd8 Nxd8 18. Rxg5 fxe4 19. Nxe4 Rh6 20. O-O-O Nc6 21. Be2
Bf5 22. Rxf5+ Ke7 23. Rh5 Rah8 24. Rdh1 Rxh5 25. Rxh5 Rxh5 26. Bxh5 Nd4 27. g4
Ne2+ 28. Kb1 Nf4 29. Kc2 1-0

[Event "AUTO-MASTER-1246"]
[Site "http://www.queenalice.com/game.php?id=846656"]
[Date "2010.10.16"]
[Round "1"]
[White "MineirinhoCQ"]
[Black "stoyan1"]
[Result "1-0"]
[WhiteElo "1954"]
[BlackElo "1991"]

1. d4 e6 2. e4 c5 3. Nc3 cxd4 4. Qxd4 Nc6 5. Qd1 Bb4 6. Bd2 a6 7. a3 Bc5 8. Nf3
Qb6 9. Bd3 Bxf2+ 10. Kf1 Bd4 11. Na4 Qc7 12. Nxd4 Nxd4 13. Bc3 Qf4+ 14. Ke1 Qe3+
15. Be2 e5 16. Nb6 Rb8 17. Nd5 Qxe4 18. Nb6 Qxg2 19. Rf1 Qxh2 20. Bxd4 exd4 21.
Qxd4 Qg3+ 22. Kd2 Qg5+ 23. Kc3 f6 24. Rae1 Ne7 25. Bc4 Qg3+ 26. Re3 Qc7 27.
Rxe7+ Kd8 28. Rxg7 Qe5 29. Rxd7+ Ke8 30. Rd8+ 1-0

[Event "AUTO-MASTER-1246"]
[Site "http://www.queenalice.com/game.php?id=846667"]
[Date "2010.10.16"]
[Round "1"]
[White "fabianno"]
[Black "MineirinhoCQ"]
[Result "1-0"]
[WhiteElo "2083"]
[BlackElo "1959"]

1. Nf3 d5 2. d4 Nf6 3. g3 e6 4. Bg2 Be7 5. O-O O-O 6. Bg5 Nbd7 7. Nbd2 h6 8.
Bxf6 Nxf6 9. Re1 Rb8 10. Ne5 c5 11. c3 cxd4 12. cxd4 Bb4 13. a3 Ba5 14. b4 Bb6
15. e3 a5 16. Nb3 axb4 17. axb4 Nd7 18. Nxd7 Bxd7 19. Qh5 Bc6 20. h4 f5 21. Nc5
Qe7 22. Reb1 Be8 23. Qe2 Bg6 24. Rb2 Bf7 25. Qb5 Qc7 26. Rc1 Qd6 27. Qe2 Rfc8
28. Rbc2 Bc7 29. Nd3 b5 30. Ne5 Be8 31. Rc5 Kh7 32. R1c3 Rb6 33. Qc2 Rb7 34.
Bxd5 Rb6 35. Bg2 1-0

[Event "AUTO-MASTER-1246"]
[Site "http://www.queenalice.com/game.php?id=846668"]
[Date "2010.10.16"]
[Round "1"]
[White "MineirinhoCQ"]
[Black "fabianno"]
[Result "0-1"]
[WhiteElo "1971"]
[BlackElo "2068"]

1. d4 Nf6 2. c4 e6 3. Nc3 Bb4 4. Qc2 c5 5. e3 b6 6. Nf3 Bb7 7. Be2 d5 8. O-O O-O
9. a3 cxd4 10. exd4 Be7 11. Bd2 Nbd7 12. b4 dxc4 13. Ne1 Rc8 14. Bf3 Bxf3 15.
Nxf3 Nd5 16. Ne5 Nxe5 17. dxe5 Nxc3 18. Bxc3 b5 19. Rfd1 Qc7 20. g3 Rfd8 21. a4
a6 22. a5 Rxd1+ 23. Rxd1 Rd8 24. Kg2 Rxd1 25. Qxd1 Qc6+ 26. Kh3 h6 27. f4 Kf8
28. Qd4 Ke8 29. Kg4 g6 30. Kh3 Qh1 31. Qf2 Qb1 32. Qf3 Kf8 33. Qa8+ Kg7 0-1

[Event "AUTO-MASTER-1246"]
[Site "http://www.queenalice.com/game.php?id=846675"]
[Date "2010.10.16"]
[Round "1"]
[White "MineirinhoCQ"]
[Black "docb"]
[Result "0-1"]
[WhiteElo "1948"]
[BlackElo "2057"]

1. d4 d5 2. c4 c6 3. Nf3 Nf6 4. Nc3 Nbd7 5. e3 e6 6. a3 a6 7. Bd3 dxc4 8. Bxc4
b5 9. Bd3 Bb7 10. O-O c5 11. b3 cxd4 12. Nxd4 Bc5 13. b4 Ba7 14. Re1 O-O 15. Bb2
Rc8 16. a4 bxa4 17. Rxa4 Bxd4 18. exd4 Nb6 19. Ra2 Nc4 20. Ba1 g6 21. Ne2 Qd5
22. f3 Ne3 23. Nc3 Nxd1 24. Nxd5 Bxd5 25. Rxa6 Nc3 26. b5 Bb7 27. Ra7 Ba8 28. b6
Nfd5 29. b7 Bxb7 30. Rxb7 Rfd8 31. Bb2 Rb8 32. Rxb8 Rxb8 33. Bc1 Rb4 34. Be3
Nxe3 35. Rxe3 Rxd4 36. Bc2 Nd5 37. Rd3 Rxd3 38. Bxd3 Kg7 39. g4 f5 40. gxf5 gxf5
41. Kf2 Kf6 42. Kg3 e5 43. h4 Nc3 44. Bc2 e4 45. Kf4 Nd5+ 46. Kg3 e3 47. Bd3 f4+
48. Kg2 h6 49. Kf1 Ke5 50. Ke1 Kd4 51. Ba6 Kc3 52. Kd1 Nb4 53. Bb5 Nd5 54. Ba6
Ne7 55. Bf1 Nf5 56. h5 Ng3 0-1

[Event "AUTO-MASTER-1246"]
[Site "http://www.queenalice.com/game.php?id=846676"]
[Date "2010.10.16"]
[Round "1"]
[White "docb"]
[Black "MineirinhoCQ"]
[Result "1/2-1/2"]
[WhiteElo "2020"]
[BlackElo "1947"]

1. e4 c5 2. Nc3 Nc6 3. g3 g6 4. Bg2 Bg7 5. d3 d6 6. Be3 e6 7. f4 Nge7 8. Nf3 Rb8
9. O-O O-O 10. e5 dxe5 11. fxe5 Nxe5 12. Nxe5 Bxe5 13. Bxc5 Bd4+ 14. Bxd4 Qxd4+
15. Kh1 Nf5 16. Qe2 b6 17. Rf4 Qd7 18. Ne4 Kg7 19. Ng5 Bb7 20. Nf3 Rbc8 21. c3
f6 22. Ne1 e5 23. Rf1 Rfe8 24. Bxb7 Qxb7+ 25. Ng2 h5 26. Kg1 e4 27. d4 Kh6 28.
Ne3 Nxe3 29. Qxe3+ Kg7 30. Rae1 Qd5 31. a3 Qb3 32. Qf2 f5 33. Re3 a5 34. Qe2
Rcd8 35. c4 Qa4 36. d5 Rd6 37. Rb1 Ra8 38. Rc3 Qd7 39. Qe3 b5 40. Qd4+ Kh6 41.
Rd1 bxc4 42. Rxc4 Rc8 43. b3 Rb8 44. b4 axb4 45. Rxb4 Ra8 46. a4 Rda6 47. Ra1 e3
48. Qxe3+ g5 49. Qd4 Qa7 50. Qxa7 R8xa7 51. Kf2 g4 52. Ra2 Kg5 53. Ke3 h4 54.
Kd4 hxg3 55. hxg3 Re7 56. Kc5 Ra5+ 57. Rb5 Rc7+ 58. Kd4 Ra8 59. d6 Rc1 60. Kd5
Rd1+ 61. Kc6 Rc8+ 62. Kd7 Rf8 63. Rc2 Kf6 64. Kc7 Rf7+ 65. Kc6 Ra7 66. a5 Ra6+
67. Rb6 Rxa5 68. d7 Ra7 69. Kb5+ Kg5 70. Rcc6 Rb1+ 71. Kc5 Rc1+ 72. Kd6 Rd1+ 73.
Ke5 Re1+ 74. Kd6 Rd1+ 75. Ke5 Re1+ 76. Kd6 Rd1+ 1/2-1/2

[Event "AUTO-ADV-1975"]
[Site "http://www.queenalice.com/game.php?id=860115"]
[Date "2010.11.17"]
[Round "1"]
[White "ONIT91"]
[Black "MineirinhoCQ"]
[Result "1-0"]
[WhiteElo "1890"]
[BlackElo "1961"]

1. c4 c5 2. Nc3 Nc6 3. e3 e5 4. Nge2 Nf6 5. g3 b6 6. Bg2 Bb7 7. O-O g6 8. d4
exd4 9. exd4 cxd4 10. Nxd4 Na5 11. Qe2+ Be7 12. Bh6 Bxg2 13. Kxg2 Ng8 14. Bg7 f6
15. Bxh8 Kf7 16. Nd5 Bc5 17. Nf3 Rc8 18. a3 Nb7 19. Rfe1 Rc6 20. Rad1 Re6 21.
Qd2 Be7 22. Nxe7 Nxe7 23. Rxe6 Kxe6 24. Bg7 d6 25. Qf4 Nf5 26. Qe4+ Kf7 27.
Qxb7+ Ne7 28. Bh6 1-0

[Event "AUTO-ADV-1975"]
[Site "http://www.queenalice.com/game.php?id=860116"]
[Date "2010.11.17"]
[Round "1"]
[White "MineirinhoCQ"]
[Black "ONIT91"]
[Result "0-1"]
[WhiteElo "1958"]
[BlackElo "1938"]

1. d4 d5 2. c4 Nf6 3. Nf3 Bg4 4. h3 Bxf3 5. exf3 c6 6. Bf4 g6 7. Bd3 Bg7 8. O-O
O-O 9. Re1 Nbd7 10. Nc3 Nh5 11. Bg5 Bxd4 12. Bxe7 Qb6 13. Qc2 Rfe8 14. Re2 Bxf2+
15. Rxf2 Rxe7 16. cxd5 Rae8 17. dxc6 bxc6 18. Ne4 f5 19. Bc4+ Kf8 20. Nd6 Re1+
21. Rxe1 Rxe1+ 22. Kh2 Qc5 23. Nf7 Ne5 24. Nxe5 Qxe5+ 25. f4 Nxf4 26. g3 Nh5 27.
Qd3 Re3 28. Qd8+ Kg7 29. Qg8+ Kh6 30. Qf8+ Qg7 31. Qxg7+ Kxg7 32. g4 fxg4 33.
Rf7+ Kh6 34. hxg4 Re4 35. b3 Nf4 36. g5+ Kxg5 37. Rxh7 Kg4 38. Rxa7 Rd4 39. a4
g5 40. a5 Rd2+ 41. Kg1 Kg3 42. Bf1 Rd1 43. Re7 Nh3+ 0-1

[Event "AUTO-ADV-1975"]
[Site "http://www.queenalice.com/game.php?id=860127"]
[Date "2010.11.17"]
[Round "1"]
[White "Paulsains"]
[Black "MineirinhoCQ"]
[Result "0-1"]
[WhiteElo "1827"]
[BlackElo "1950"]

1. e4 e6 2. d4 c5 3. dxc5 Bxc5 4. Bd3 Nc6 5. Nf3 h6 6. O-O e5 7. Nc3 Nf6 8. h3
O-O 9. Bd2 d5 10. exd5 Nxd5 11. Ne4 Bb6 12. c4 Nf6 13. Qc2 Nd4 14. Nxd4 Bxd4 15.
Nxf6+ Qxf6 16. Rae1 b6 17. Be4 Rb8 18. Be3 Bxe3 19. Rxe3 Ba6 20. Qa4 b5 21. cxb5
Bxb5 22. Qxa7 Bxf1 23. Kxf1 Rxb2 24. Rf3 Qe6 25. a4 Qc4+ 0-1

[Event "AUTO-ADV-1975"]
[Site "http://www.queenalice.com/game.php?id=860128"]
[Date "2010.11.17"]
[Round "1"]
[White "MineirinhoCQ"]
[Black "Paulsains"]
[Result "1-0"]
[WhiteElo "1936"]
[BlackElo "1815"]

1. d4 Nf6 2. c4 g6 3. g3 Bg7 4. Bg2 c6 5. e4 d6 6. Nc3 O-O 7. Nge2 e5 8. d5 c5
9. O-O b6 10. Bg5 Nbd7 11. Qd2 Ba6 12. b3 Qc7 13. a4 Kh8 14. Nb5 Ne8 15. Nxc7
1-0

[Event "AUTO-ADV-1975"]
[Site "http://www.queenalice.com/game.php?id=860133"]
[Date "2010.11.17"]
[Round "1"]
[White "jajaf1959"]
[Black "MineirinhoCQ"]
[Result "0-1"]
[WhiteElo "1935"]
[BlackElo "1942"]

1. d4 d5 2. c4 e6 3. Nf3 Nf6 4. Bg5 Nbd7 5. e3 h6 6. Bh4 Be7 7. Be2 O-O 8. O-O
Ne4 9. Bxe7 Qxe7 10. c5 c6 11. Nbd2 Nxd2 12. Qxd2 b6 13. b4 bxc5 14. bxc5 e5 15.
Rfe1 e4 16. Ne5 Nxe5 17. dxe5 Qxe5 18. f4 Qe7 19. Qd4 Rb8 20. Rab1 Be6 21. Rf1
f5 22. Bh5 a5 23. a4 Rb7 24. Rf2 Rxb1+ 0-1

[Event "AUTO-ADV-1975"]
[Site "http://www.queenalice.com/game.php?id=860134"]
[Date "2010.11.17"]
[Round "1"]
[White "MineirinhoCQ"]
[Black "jajaf1959"]
[Result "1-0"]
[WhiteElo "1941"]
[BlackElo "1919"]

1. d4 g6 2. e4 Bg7 3. Nf3 d6 4. c3 Bg4 5. h3 Bxf3 6. Qxf3 Nf6 7. Bd3 Nc6 8. O-O
O-O 9. Bg5 Qd7 10. Nd2 e5 11. d5 Ne7 12. Qe3 c6 13. c4 c5 14. b4 b6 15. b5 a6
16. a4 a5 17. Bh6 Ne8 18. Bxg7 Nxg7 19. Nf3 f5 20. Nh2 f4 21. Qd2 Ne8 22. Be2
Nf6 23. Qc2 Rf7 24. Ng4 Nxg4 25. Bxg4 Qe8 26. Be6 Ra7 27. Bxf7+ Qxf7 28. f3 Ra8
29. Kf2 Qf6 30. Rh1 Qh4+ 31. Ke2 Qg3 32. Rag1 h5 33. h4 1-0

[Event "AUTO-MASTER-1317"]
[Site "http://www.queenalice.com/game.php?id=883669"]
[Date "2011.1.9"]
[Round "1"]
[White "erig1969"]
[Black "MineirinhoCQ"]
[Result "1/2-1/2"]
[WhiteElo "2021"]
[BlackElo "1983"]

1. d4 Nf6 2. c4 g6 3. g3 d5 4. Bg2 Bg7 5. cxd5 Nxd5 6. e4 Nb6 7. e5 Nc6 8. Nf3
Bg4 9. Qd3 Bxf3 10. Bxf3 Nxe5 11. Qe4 Nxf3+ 12. Qxf3 Bxd4 13. Qxb7 O-O 14. Na3
a5 15. Nb5 c5 16. Nxd4 cxd4 17. O-O e5 18. Qe4 Qd6 19. b3 Rfd8 20. Qh4 Nd5 21.
Bg5 f6 22. Bd2 Nc3 23. Bxc3 dxc3 24. Qc4+ Kg7 25. Qxc3 Rdc8 26. Qf3 Ra7 27. Rfd1
Qc6 28. Qe3 Rd7 29. Rdc1 Qb7 30. Rxc8 Qxc8 31. a4 Qc2 32. Rc1 Qb2 33. Rc3 g5 34.
Rc5 Qb1+ 35. Rc1 Rd1+ 36. Rxd1 Qxd1+ 37. Kg2 Qd5+ 38. Qf3 e4 39. Qe3 Kg6 40. h3
f5 41. h4 h6 42. Kh3 f4 43. Qb6+ Kg7 44. Qc7+ Kf6 45. hxg5+ hxg5 46. Qc3+ Kf5
47. Qc8+ Kg6 48. Qe8+ Kf6 49. Qf8+ Kg6 50. Qe8+ Kf6 51. Qf8+ Kg6 52. Qe8+
1/2-1/2

[Event "AUTO-MASTER-1317"]
[Site "http://www.queenalice.com/game.php?id=883670"]
[Date "2011.1.9"]
[Round "1"]
[White "MineirinhoCQ"]
[Black "erig1969"]
[Result "1-0"]
[WhiteElo "1985"]
[BlackElo "2019"]

1. d4 d5 2. c4 c6 3. Nf3 g6 4. e3 Bg7 5. Be2 Nf6 6. O-O O-O 7. h3 Ne4 8. Nbd2
Bf5 9. Nh4 Nxd2 10. Bxd2 Bc8 11. Nf3 Nd7 12. cxd5 cxd5 13. Bc3 Nf6 14. Nd2 Bf5
15. Nf3 Ne4 16. Bb4 a6 17. a4 a5 18. Ba3 Nd6 19. b3 Ne4 20. Rc1 Bd7 21. Nd2 Ng5
22. f4 Ne6 23. Nf3 Re8 24. Ne5 Nf8 25. Nxd7 Nxd7 26. Bb5 e6 27. Qe2 Bf8 28. Bxf8
Rxf8 29. Rc3 Nf6 30. Bd3 Nh5 31. Qf3 Qh4 32. Kh2 Nf6 33. Rfc1 b6 34. g3 Qh6 35.
Rc6 Rab8 36. Rc7 Qg7 37. R1c2 Rfd8 38. Kg2 Ne8 39. R7c6 Nd6 40. Qe2 Qf8 41. h4
Qh6 42. Kh3 Qf8 43. g4 Rdc8 44. Ba6 Rd8 45. Bd3 Rdc8 46. h5 Rxc6 47. Rxc6 Nb7
48. Rxb6 Qd8 49. Rc6 Qe7 50. Qc2 Kg7 51. hxg6 hxg6 52. Bxg6 Rh8+ 53. Bh5 Qb4 54.
Rxe6 Rxh5+ 55. gxh5 fxe6 56. Qg6+ Kf8 57. Qf6+ Kg8 58. Qxe6+ Kf8 59. h6 Qe1 60.
Qc8+ Kf7 61. Qxb7+ Kg6 62. Qg7+ Kf5 63. Qg5+ Ke4 64. Qg2+ Kd3 65. h7 1-0

[Event "AUTO-MASTER-1317"]
[Site "http://www.queenalice.com/game.php?id=883683"]
[Date "2011.1.9"]
[Round "1"]
[White "MineirinhoCQ"]
[Black "sevenup"]
[Result "0-1"]
[WhiteElo "1993"]
[BlackElo "2099"]

1. d4 e6 2. e4 d5 3. e5 c5 4. c3 Qb6 5. Nf3 Nc6 6. Be2 cxd4 7. cxd4 Nh6 8. Nc3
Nf5 9. Na4 Qa5+ 10. Bd2 Bb4 11. Bc3 b5 12. a3 Bxc3+ 13. Nxc3 b4 14. axb4 Qxb4
15. Bb5 Bd7 16. Bxc6 Bxc6 17. Qd2 O-O 18. O-O Rfb8 19. Rfb1 a5 20. g4 Ne7 21.
Ne1 Bb5 22. Nc2 Qb3 23. Ra3 Qc4 24. Nxb5 Qxb5 25. Rba1 Qxb2 26. Rxa5 Rxa5 27.
Rxa5 Rc8 28. Qb4 Qc1+ 29. Kg2 Qxc2 30. Qxe7 Qe4+ 31. Kg3 h5 32. f3 Qxd4 33. Ra7
Qxe5+ 34. Kh3 hxg4+ 35. fxg4 Rc3+ 36. Kh4 Qxh2+ 0-1

[Event "AUTO-MASTER-1317"]
[Site "http://www.queenalice.com/game.php?id=883684"]
[Date "2011.1.9"]
[Round "1"]
[White "sevenup"]
[Black "MineirinhoCQ"]
[Result "0-1"]
[WhiteElo "2113"]
[BlackElo "1959"]

1. e4 c5 2. Nf3 d6 3. d4 cxd4 4. Nxd4 e5 5. Nb3 Nf6 6. Nc3 a6 7. Be3 Qc7 8. f3
b5 9. Qd2 Bb7 10. O-O-O h6 11. g4 g5 12. h4 Rg8 13. hxg5 hxg5 14. Bxg5 Nbd7 15.
Bxf6 Nxf6 16. g5 Nd7 17. Bh3 Be7 18. Bxd7+ Qxd7 19. g6 fxg6 20. Nc5 Qc6 21. Nxb7
Qxb7 22. Rh7 Qc6 23. Nd5 Bd8 24. Qh6 Rc8 25. Rd2 Qc4 26. Qh3 Kf8 27. Qe6 Qf1+
28. Rd1 Bg5+ 0-1

[Event "AUTO-MASTER-1317"]
[Site "http://www.queenalice.com/game.php?id=883685"]
[Date "2011.1.9"]
[Round "1"]
[White "MineirinhoCQ"]
[Black "dadge"]
[Result "0-1"]
[WhiteElo "1968"]
[BlackElo "2152"]

1. d4 Nf6 2. c4 d5 3. cxd5 Nxd5 4. e4 Nf6 5. Nc3 e6 6. Bg5 Be7 7. Nf3 h6 8. Bh4
g5 9. Nxg5 hxg5 10. Bxg5 c6 11. a3 Nbd7 12. g3 Qa5 13. Bxf6 Nxf6 14. b4 Qh5 15.
Qxh5 Rxh5 16. e5 Nd5 17. Ne4 f5 18. Nd2 b5 19. h4 a5 20. Rb1 axb4 21. axb4 Bxb4
22. Rc1 Ra2 23. Rxc6 Bd7 24. Rxe6+ Bxe6 25. Bxb5+ Ke7 26. O-O Bxd2 0-1

[Event "AUTO-MASTER-1317"]
[Site "http://www.queenalice.com/game.php?id=883686"]
[Date "2011.1.9"]
[Round "1"]
[White "dadge"]
[Black "MineirinhoCQ"]
[Result "1-0"]
[WhiteElo "2166"]
[BlackElo "1992"]

1. e4 c5 2. Nf3 d6 3. d4 cxd4 4. Nxd4 e6 5. Nc3 a6 6. Be2 Nf6 7. Be3 Qc7 8. a3
b5 9. O-O Be7 10. f4 Bb7 11. Bf3 Nbd7 12. f5 e5 13. Nb3 h6 14. Qe2 O-O 15. Rad1
Rad8 16. Rd2 Ne8 17. Rfd1 Ndf6 18. Qf2 Rc8 19. Bb6 Qb8 20. Na5 Bd8 21. Bxd8 Rxd8
22. Qb6 Rd7 23. h4 Qa8 24. Nxb7 Rxb7 25. Qe3 Qa7 26. Qxa7 Rxa7 27. g4 g5 28.
hxg5 hxg5 29. Nd5 Nxd5 30. Rxd5 f6 31. Kf2 Rff7 32. Rh1 Rh7 33. Rxh7 Rxh7 34. c3
Rh2+ 35. Bg2 Kf7 36. Kg3 Rh8 37. a4 bxa4 38. Bf1 Rh1 39. Bxa6 Rb1 40. Bc4 Ke7
41. Rb5 Nc7 42. Rb4 Ra1 43. Kf2 a3 44. bxa3 Rxa3 45. Rb7 Kd8 46. Bb3 Kc8 47. Rb6
Ra6 48. Rb4 Rc6 49. Bc4 Na6 50. Bxa6+ Rxa6 51. Ke3 Ra1 52. Rb2 Rc1 53. Kd3 Rg1
54. Kc4 Rxg4 55. Kd5 Rh4 56. Rb6 g4 57. Rxd6 g3 58. Rxf6 Rg4 59. Rc6+ Kd7 60.
Rd6+ Ke7 61. f6+ Ke8 62. Ke6 Rf4 63. Rd1 g2 64. Rg1 Rf2 65. c4 1-0

[Event "QA-ANNIV-06"]
[Site "http://www.queenalice.com/game.php?id=885007"]
[Date "2011.1.12"]
[Round "3"]
[White "MineirinhoCQ"]
[Black "lobo"]
[Result "1-0"]
[WhiteElo "1981"]
[BlackElo "1884"]

1. d4 e6 2. e4 d5 3. e5 a6 4. a3 Nc6 5. Nf3 h6 6. c4 Nge7 7. cxd5 Qxd5 8. Nc3
Qd7 9. g3 b5 10. b4 Nf5 11. Bg2 Bb7 12. O-O g5 13. d5 exd5 14. Nxd5 O-O-O 15.
Bh3 Qe6 16. Bxf5 Qxf5 17. Qb3 Nxe5 18. Nb6+ cxb6 19. Nxe5 Qxe5 20. Bb2 Qe4 21.
f3 Qe2 22. Rf2 Qc4 23. Rc1 Qxc1+ 24. Bxc1 Rd1+ 25. Qxd1 Be7 26. Be3 Rd8 27. Qc1+
Kb8 28. Bxb6 Rc8 29. Rc2 Re8 30. Kg2 g4 31. Qf4+ Ka8 32. Qxg4 Bg5 33. h4 Bf6 34.
Qf4 Be5 35. Qxf7 Rb8 36. Re2 1-0

[Event "AUTO-ADV-1771"]
[Site "http://www.queenalice.com/game.php?id=889001"]
[Date "2011.1.21"]
[Round "3"]
[White "MineirinhoCQ"]
[Black "grega"]
[Result "1-0"]
[WhiteElo "1956"]
[BlackElo "1864"]

1. d4 d5 2. c4 c6 3. Nf3 Nf6 4. Nc3 e6 5. c5 g6 6. Bg5 Bg7 7. h3 Nbd7 8. Ne5 O-O
9. e3 b5 10. Nxc6 Qe8 11. Bxb5 a6 12. Ba4 Bb7 13. Ne5 Ne4 14. Bxd7 1-0

[Event "AUTO-ADV-1771"]
[Site "http://www.queenalice.com/game.php?id=889002"]
[Date "2011.1.21"]
[Round "3"]
[White "grega"]
[Black "MineirinhoCQ"]
[Result "0-1"]
[WhiteElo "1845"]
[BlackElo "1981"]

1. e4 c5 2. Bc4 e6 3. d4 cxd4 4. Qxd4 Nc6 5. Qd1 Nf6 6. Nc3 Bb4 7. Bd2 Bxc3 8.
Bxc3 e5 9. Ne2 Nxe4 10. O-O Nxc3 11. Nxc3 O-O 12. Re1 a6 13. a3 d6 14. Ne4 b5
15. Ba2 Bb7 16. Nxd6 Qe7 17. c3 Rad8 18. Nf5 Qg5 19. Qf3 Ba8 20. Qh3 g6 21. Ne3
Rd3 22. g3 Kg7 23. Rad1 Rxd1 24. Rxd1 Rd8 25. Rd7 Rxd7 26. Qxd7 Qe7 27. Qg4 Qf6
28. Qd7 Ne7 29. Bd5 Nxd5 30. Nxd5 Qf3 0-1

[Event "QA-ANNIV-06"]
[Site "http://www.queenalice.com/game.php?id=924352"]
[Date "2011.4.10"]
[Round "4"]
[White "simonjscott"]
[Black "MineirinhoCQ"]
[Result "0-1"]
[WhiteElo "2038"]
[BlackElo "2002"]

1. e4 c5 2. Nc3 Nc6 3. f4 e6 4. Nf3 Nge7 5. Bb5 a6 6. Bc4 b5 7. Be2 g6 8. b3 Bg7
9. Bb2 b4 10. Na4 Bxb2 11. Nxb2 d5 12. d3 d4 13. O-O O-O 14. Qe1 Qc7 15. Qh4 Kg7
16. Nc4 h6 17. Nfe5 f6 18. Ng4 h5 19. Nxf6 Rxf6 20. e5 Rf8 21. Bxh5 gxh5 22.
Qg5+ Ng6 23. Nd6 Ne7 24. Rf3 Nf5 25. Qxh5 Rh8 26. Qg5 Qe7 0-1

[Event "QA-ANNIV-06"]
[Site "http://www.queenalice.com/game.php?id=1008772"]
[Date "2011.11.15"]
[Round "6"]
[White "edsDr23"]
[Black "MineirinhoCQ"]
[Result "1-0"]
[WhiteElo "2445"]
[BlackElo "2035"]

1. e4 c5 2. Nf3 e6 3. d4 cxd4 4. Nxd4 Nc6 5. Nc3 Bb4 6. Nb5 a6 7. Nd6+ Kf8 8. a3
Bxc3+ 9. bxc3 Nf6 10. Be2 h6 11. Bf4 e5 12. Be3 Ne8 13. O-O Nxd6 14. Qxd6+ Qe7
15. Qd5 d6 16. Rad1 Be6 17. Qxd6 Qxd6 18. Rxd6 g6 19. Rb1 Na5 20. Bb6 Nc4 21.
Rxe6 Nxa3 22. Bc5+ Kg7 23. Rxb7 Rab8 24. Ree7 1-0